000 00811nas a2200289 4500
001 BR0203461
003 BR-BrBNA
005 20231205103109.0
007 ta
008 230509b bl.|||p| |||| 00| 00por d
040 _aBR-BrBNA
_bpor
_cBiblioteca Nacional de Agricultura
041 _a(Pt)
072 _aL02
100 1 _aColdebella, I.J.
100 1 _aRadünz Neto, J.
245 1 _aFarelo de soja na alimentação de alevinos de jundiá (Rhamdia quelen)
650 _aBAGRE
650 _aALEVINO
650 _aNUTRIÇÃO ANIMAL
650 _aDIETA
650 _aFARELO
650 _aSOJA
650 _aGANHO DE PESO
773 0 _tCiência Rural (Brazil)
_xISSN 0103-8478
_g(May-Jun 2002), v. 32(3) p. 499-503
_wBR0203461
909 _a202311
_bLúcia
_c55
_dLúcia Elande
942 _2AGRIS
_n0
_cANA
999 _c171056
_d171056